000 00671nam a2200241 i 4500
001 C2-0302969
003 PPAK
005 20180728084032.0
008 100308s2007 io |||| ||||| | may d
020 _a9789791368391
040 _aPPAK
_beng
_cPPAK
_erda
082 0 4 _a297.1229
_223
090 0 0 _a297.1229
_bALQ
_dR
100 1 _aAl Qurthubi, Syaikh Imam,
_eauthor
245 1 0 _aTafsir Al Qurthubi (jil 10)
264 1 _aJakarta, Indonesia :
_bPustaka Azzam ,
_c2007
300 _axvi, 1076 pages ;
_c24 cm
336 _2rdacontent
_atext
337 _2rdamedia
_aunmediated
338 _2rdacarrier
_avolume
650 1 0 _aKoran - Hermeneutics
942 _ddc
_cB
999 _c106483
_d106483